Responses for show #1826 - Monday, July 6, 1992

1992 Senior Tournament quarterfinal game 1.

Contestants

Richard Worth, an instructor & executive director from Scottsdale, Arizona

Martha Thompson, a stockbroker from San Marino, California

Mag Birge, a medical secretary from Owensboro, Kentucky

Jeopardy! Round responses

AMERICAN HISTORY
DIARY & JOURNAL KEEPERS
GENE KELLY MOVIES
SPIES
WORD ORIGINS
UNDERWATER
    $100 5
horse

Mag
    $100 21
Anne Frank

Richard
    $100 1
"Singin' in the Rain"

Mag
    $100 13
Watergate

Mag
    $100 23
dirigible

Mag
    $100 11
Davy Jones

Mag
    $200 6
Texas

Richard
    $200 22
Beatrix Potter

Richard
    $200 2
Frank Sinatra

Mag
    $200 17
Nathan Hale

Mag
    $200 24
pedestrian

Mag
    $200 12
mermaids

Richard
    $300 7
Patrick Henry

Martha
    $300 30
(Samuel) Pepys

Richard
    $300 3
Hello, Dolly!

Mag
    $300 18
(Mag: What's the Soviet Union?)
(Martha: What is China?)

East Germany

MagMarthaRichard
    $300 25
lunatic

Mag
    $300 14
(Mag: What's uh...a tank, [*]?)

scuba diving gear

Mag
    $400 8
Pocahontas

Mag
    $400 29
Sylvia Plath

Triple Stumper
    $400 4
Brigadoon

Richard
    $400 19
Rosenbergs

Mag
    $400 26
(Alex: Less than a minute to go, Mag.)

academy

Triple Stumper
    $400 15
Jacques Cousteau

Mag
    $500 9
Jane Addams

Mag
    $1,000 28
Anais Nin

Martha
    $500 10
An American in Paris

Mag
    $500 20
(Major) John André

Martha
    $500 27
crucial

Martha
    $500 16
Excalibur

Mag

Scores at the first commercial break (after clue 15):

Mag Martha Richard
$3,000 $300 $800

Scores at the end of the Jeopardy! Round:

Mag Martha Richard
$4,400 $2,000 $1,700

Double Jeopardy! Round responses

U.S. GOVERNMENT
GENEVA
COMPOSERS
NATIONAL MONUMENTS
ASTRONOMY & SPACE
HODGEPODGE
    $200 9
Department of Agriculture

Richard
    $200 27
The Bible

Martha
    $200 21
George Gershwin

Richard
    $200 4
Montana

Mag
    $200 1
Mercury

Richard
    $200 16
(Richard: What is St. Peter? Vatican Square!)
...
(Alex: Yeah, you were right the first time, if only you finished the thought, Richard.)

St. Peter's Square

MagRichard
    $400 12
CIA

Mag
    $400 26
Hippocratic Oath

Mag
    $400 22
Claude Debussy

Martha
    $400 5
Virgin Islands

Richard
    $400 2
comets

Richard
    $400 17
four years

Martha
    $600 13
Department of Commerce

Mag
    $600 28
League of Nations

Mag
    $600 23
Chopin

Mag
    $1,300 6
(Richard: I think it's the Devil's Needle in Wyoming, Alex.)
(Alex: First of all, you didn't phrase it properly; secondly it's [*].)

Devils Tower

Richard
    $600 3
(Martha: What is Challenger?)

Discovery

MagMartha
    $600 18
rats & children

Martha
    $800 14
(Richard: What is St. Louis?)

Kansas City

MagRichard
    $3,200 29
(Mag: What is Austria?)
...
[The end of round signals.]

France

Mag
    $800 24
(Mag: Who's Aaron Copland?)

Ferde Grofé

MagRichard
    $800 7
Colorado

Mag
    $800 10
Neptune

Richard
    $800 19
(Martha: What is Gaza for [*].)

gauze

Martha
    $1000 15
gerrymandering

Mag
    $1000 25
Dmitri Shostakovich

Triple Stumper
    $1000 8
Joshua Tree

Martha
    $1000 11
Titan

Richard
    $1000 20
(Mag: What's Radcliffe?)

Wellesley

Mag
Triple Stumper

Scores at the end of the Double Jeopardy! Round:

Mag Martha Richard
$5,600 $4,800 $3,400

Final Jeopardy! Round responses

SHAKESPEARE
RichardWhat is A Winter's Tale
$2,200
MarthaWhat is A Midsummer Night's Dream?
$2,500
MagWhat is The Tempest
$4,001
King Lear

Final scores:

Mag Martha Richard
$1,599 $2,300 $1,200
2nd place: $1,000 if eliminated Automatic semifinalist 3rd place: $1,000 if eliminated

Game dynamics:

Coryat scores:

Mag Martha Richard
$8,800 $4,300 $4,700
28 R,
4 W
(including 1 DD)
10 R
(including 1 DD),
2 W
15 R,
3 W
(including 1 DD)

Combined Coryat: $17,800

The J! Archive is created by fans, for fans. The Jeopardy! game show and all elements thereof, including but not limited to copyright and trademark thereto, are the property of Jeopardy Productions, Inc. and are protected under law. This website is not affiliated with, sponsored by, or operated by Jeopardy Productions, Inc. Join the discussion at JBoard.tv.